00432nam a22001452 4500001001100000005001700011008004100028020002200069040001500091100002800106245007400134260003800208300001200246650002800258000000831520151217152032.0080304s xx 000 0 eng d a0940384067 :cKES aKABUcKABU1 aNangoli, M.@000015728210aHow to write million dollar [$1,000,000] book proposal /cM. Nangoli. aNew York :bOrganic Books,c2005. a106 p. 0aAuthorship.@0000157519